Victoria

Salvato in:
Dettagli Bibliografici
Autore principale: Hamsun, Knut
Natura: Libro
Lingua:spagnolo
Pubblicazione: Santiago Quimantú 1973
Serie:Minilibros Quimantú, 54
Soggetti:
Tags: Aggiungi Tag
Nessun Tag, puoi essere il primo ad aggiungerne!!

MARC

LEADER 00000nam a2200000 a 4500
001 UCX6228
003 CL-VaPUC
008 930503e19730000CL |||||||||||||||||spa|d
082 0 4 |a 839.82  |b HAM  |2 21 
100 |a Hamsun, Knut  |9 719794 
245 1 0 |a Victoria 
300 |a 148 p 
942 |c BK 
945 |d 19930503 00:00:00 
260 |a Santiago  |b Quimantú  |c 1973 
650 7 |a NOVELAS NORUEGAS  |2 CL-VaPUC  |9 322661 
583 |a last modification  |c 19930503 00:00:00  |k Rodrigo Vera 
490 0 |a Minilibros Quimantú, 54 
999 |c 226284  |d 226282 
952 |0 0  |1 0  |4 0  |6 839_820000000000000_HAM_1973  |7 0  |8 A  |9 224530  |a BIBEDU  |b BIBEDU  |d 2019-11-15  |i 2932881  |o 839.82 HAM 1973  |p 2932881  |r 2019-11-15  |w 2019-11-15  |y BK  |k LIT